000
00326nam a2200145Ia 4500
005
20251222153533.0
008
251222s9999||||xx |||||||||||||| ||spa||
020
_a
9788499896489
082
_a
813.54/T99
100
_a
Tyler, Anne
245
0
_a
Buscando a Caleb
250
_a
1ra.ed.
264
_b
Bebols!llo
942
_c
LIB
999
_c
30142
_d
30142